000
00304nam a22001217a 4500
082
_a
510
_b
SHA/M
100
_a
SHARMA,R. D
245
_a
MATHEMATICS XII VOL.1
246
_a
MATHEMATICS XII VOL.1
_b
MATHEMATICS XII VOL.1
260
_a
NEW DELHI
_b
DHANPAT RAI PUBLICATION
_c
2008
300
_a
1870
942
_c
BK
999
_c
8535
_d
8535